000 00971cam a22002897a 4500
003 CHAP
005 20220329135641.0
008 971013s1983 r 00010 d
010 _a39926
011 _a40898
035 _a45024
040 _cCHAP
090 _aFolleto 10195 (1983)
100 0 0 _aMorales, Francisco José.
_978460
245 1 3 _aEl mosaico común del frijol
_b: metodología de investigación y técnicas de control
260 _aCali :
_bCentro Internacional de Agricultura Tropical,
_c1983
300 _a26 p.
_b: ilus
590 _aBATCH-UPD
_b10
_c20130110
_lUCH01
_h2254
590 _aBATCH-UPD
_b10
_c20130410
_lUCH01
_h1547
590 _aBATCH-UPD
_b10
_c20130914
_lUCH01
_h1441
590 _aCONVERSION
_b10
_c20130109
_lUCH01
_h1322
650 1 4 _aFrijol
_xEnfermedades por virus.
_943371
650 1 4 _aVirus del mosaico del frijol.
_9119961
901 _aBK
942 _cFOLL
949 _aFolleto 10195 (1983)
_bBC
_cFOLL
_d-103082
_eTS1
_i45024
_mD
_si
999 _c39926
_d39926